On economic inequality (Record no. 14662)
[ view plain ]
| 000 -LEADER | |
|---|---|
| fixed length control field | 00489cam a2200181 4500 |
| 020 ## - INTERNATIONAL STANDARD BOOK NUMBER | |
| ISBN | 019828182X |
| 020 ## - INTERNATIONAL STANDARD BOOK NUMBER | |
| ISBN | 0198281935 (pbk.) |
| 040 ## - CATALOGING SOURCE | |
| Transcribing agency | DLC |
| 082 00 - DEWEY DECIMAL CLASSIFICATION NUMBER | |
| Classification number | 330 CLA 1973 A069 Or. |
| 100 1# - MAIN ENTRY--AUTHOR NAME | |
| Personal name | Sen, Amartya, |
| 245 10 - TITLE STATEMENT | |
| Title | On economic inequality |
| 260 ## - PUBLICATION, DISTRIBUTION, ETC. (IMPRINT) | |
| Place of publication | Oxford, |
| Name of publisher | Clarendon Press, |
| Year of publication | 1973. |
| 300 ## - PHYSICAL DESCRIPTION | |
| Number of Pages | 118 p. |
| Other physical details | illus. |
| Dimensions | 21 cm. |
| 650 #0 - SUBJECT ADDED ENTRY--TOPICAL TERM | |
| Topical Term | Welfare economics. |
| 650 #0 - SUBJECT ADDED ENTRY--TOPICAL TERM | |
| Topical Term | Equality. |
| 856 42 - ELECTRONIC LOCATION AND ACCESS | |
| Uniform Resource Identifier | http://www.loc.gov/catdir/enhancements/fy0602/74154734-d.html |
| 942 ## - ADDED ENTRY ELEMENTS (KOHA) | |
| Koha item type | សៀវភៅភាសាអង់គ្លេស |
| 952 ## - LOCATION AND ITEM INFORMATION (KOHA) | |
| Withdrawn status [LOCAL, KOHA] | 0 |
| Permanent Location | Date acquired | Koha item type | Lost status | Shelving location | Barcode | Current Location | Full call number |
|---|---|---|---|---|---|---|---|
| Library Block A | 2017-10-24 | សៀវភៅភាសាអង់គ្លេស | A069 | A06428 | Library Block A | 330 CLA 1973 A069 Or. |